Responses for Show #7360 - Friday, September 16, 2016

Contestants

[<< previous game]

Christine Schreck, a writer from Berkeley, California

Brandon Barnes, a stock analyst from Tulsa, Oklahoma

Siddharth Hariharan, a student from Herndon, Virginia (whose 1-day cash winnings total $21,601)

[next game >>]

Jeopardy! Round responses

1999
LITTLE RED CORVETTE
SIGN O' THE TIMES
BAT DANCE
"U" GOT THE LOOK
MY NAME IS PRINCE
    $200 17
the euro

Christine
    $200 18
(Christine: What are doors?)

headlights

BrandonChristine
    $200 8
the sign of the cross

Christine
    $200 1
(Siddharth: What is blood?)

saliva

Siddharth
Triple Stumper
    $200 3
username

Christine
    $200 23
"Purple Rain"

Siddharth
    $400 16
Y2K

Brandon
    $400 19
(Adam) Sandler

Brandon
    $400 9
a rainbow

Christine
    $400 2
(Siddharth: What are lungs?)

ears

SiddharthChristine
    $400 4
utensil

Christine
    $400 24
a raspberry beret

Christine
    $600 13
(Brandon: What is Bosnia?)
(Christine: What is Montenegro?)

Kosovo

BrandonChristine
Triple Stumper
    $600 20
(Siddharth: Who is Sean Penn?)
(Christine: Who is Paul Newman?)

(Mark) Hamill

SiddharthBrandonChristine
    $600 10
the Heimlich

Siddharth
    $600 30
Ebola

Brandon
    $600 5
unleavened

Brandon
    $600 25
Sinead O'Connor

Christine
    $1,800 14
Napster

Brandon
    $800 21
a warship

Triple Stumper
    $800 11
a peace sign

Brandon
    $800 29
cones

Siddharth
    $800 6
urbanize

Siddharth
    $800 26
Paisley Park

Triple Stumper
    $1000 15
Elián González

Brandon
    $1000 22
a pace car

Brandon
    $1000 12
San Francisco

Brandon
    $1000 28
the flying fox bat

Triple Stumper
    $1000 7
ultralight

Christine
    $1000 27
Jehovah's Witness

Siddharth

Scores at the first commercial break (after clue 14):

Siddharth Brandon Christine
$800 $3,600 $2,000

Scores at the end of the Jeopardy! Round:

Siddharth Brandon Christine
$2,200 $7,800 $2,400

Double Jeopardy! Round responses

SOUNDS LIKE A COLOR
EXPLORERS
VEGAS-SET TV SHOWS
THEATRE TITLE DUOS
THERE IT IS
DOUBLE TALK
    $400 19
read

Brandon
    $400 26
Mecca

Brandon
    $400 1
CSI

Brandon
    $400 9
Porgy & Bess

Siddharth
    $400 14
Africa

Brandon
    $400 24
Peter, Peter

Christine
    $800 21
rows

Siddharth
    $800 28
Matthew Henson

Triple Stumper
    $800 2
Criss Angel

Brandon
    $800 10
The King and I

Christine
    $800 15
Mexico City

Christine
    $800 25
Nana

Christine
    $1200 22
(Eva) Braun

Christine
    $1200 29
Kilimanjaro

Siddharth
    $1200 3
(James) Caan

Brandon
    $1200 11
the Paycock

Christine
    $1200 16
Greenland

Brandon
    $1200 6
Duran Duran

Brandon
    $1600 20
tan

Christine
    $2,000 27
Leif Erikson

Brandon
    $1600 4
Wesley Snipes

Triple Stumper
    $4,000 12
(Christine: What is [*] Are Dead?)

Rosencrantz & Guildenstern

Christine
    $1600 17
South Carolina

Brandon
    $1600 7
Walla Walla

Christine
    $2000 23
the Isle of Wight

Christine
    $2000 30
(Brandon: What is the Crimean Peninsula?)

the Kamchatka Peninsula

SiddharthBrandon
    $2000 5
(Verne) Troyer

Brandon
    $2000 13
(Alex: [*]/Sade.)

Marat

Triple Stumper
    $2000 18
Aconcagua

Christine
    $2000 8
(Brandon: What is Ling-Ling?)
(Christine: What is Bao Bao?)

Bei Bei

BrandonChristine
Triple Stumper

Scores at the end of the Double Jeopardy! Round:

Siddharth Brandon Christine
$6,600 $15,400 $16,800

[wagering suggestions for these scores]

Final Jeopardy! Round responses

FILM ADAPTATIONS
(Alex: [To Christine] She wrote down "Who is Grisnam?" Were you thinking--)
(Christine: Grisham. It did--)
(Alex: John Grisham.)
(Christine: It didn't pick up my "H".)
(Alex: Yeah, John Grisham. A good choice, but incorrect.)
SiddharthWho is Nicholas Sparks?
$66
BrandonWho is
$15,400
ChristineWho is Grisnam?
$14,001
Stephen King

Final scores:

Siddharth Brandon Christine
$6,534 $0 $2,799
2-day champion: $28,135 3rd place: $1,000 2nd place: $2,000

Game dynamics:

Coryat scores:

Siddharth Brandon Christine
$6,600 $14,000 $14,400
9 R,
3 W
22 R
(including 2 DDs),
3 W
20 R
(including 1 DD),
4 W

Combined Coryat: $35,000

[game clues] [game scores] [suggest correction]

Game tape date: 2016-07-19
The J! Archive is created by fans, for fans. Scraping, republication, monetization, and malicious use prohibited; this site may use cookies and collect identifying information. See terms. The Jeopardy! game show and all elements thereof, including but not limited to copyright and trademark thereto, are the property of Jeopardy Productions, Inc. and are protected under law. This website is not affiliated with, sponsored by, or operated by Jeopardy Productions, Inc. Join the discussion at JBoard.tv.